000 00551nam a2200169 a 4500
005 20140412111410.0
008 070214s19uu xx 00 eng d
020 _a078685872-9
050 _aTR(PS E
_bFa21 2000
245 _aFamily storybook library, bk. 7:
_bYour place in the circle of life.
260 _aNew york :
_bDisney press,
_c2000.
300 _a19
440 _aDisneys family storybook library
520 _aStories about courage and responsibility, title includes the lion king and cinderella
650 _aFables
999 _c105640
_d105640